00666nam a2200217Ia 450000500170000000800410001702000150005808200220007324500640009526000450015930000230020465000150022765000100024265000180025265000140027070000220028470000220030694200060032895200990033499900150043320250320013438.0240331s9999 xx 000 0 und d a0884770184 a302.23bCOM22066 0aCommunication and Class Struggle:b2. Liberation, Socialism aNew York, bInternational General c1983 a446 p., (Volume 2) aLiberation aMedia aCommunication aSocialism aMattelart, Aeedt aSiegelaub, Seedt cL 001040708LaWERCLbWERCLcSSCd2024-03-31l0o 302.23 COMp2066r2024-03-31w2024-03-31yL c1108d1108